000
00316nam a2200133Ia 4500
005
20251222144728.0
008
251222s9999||||xx |||||||||||||| ||spa||
020
_a
9972-9565-0-4
082
_a
850/D35
100
_a
D'Angelo, Biagio
245
0
_a
Miradas Cruzadas:
264
_b
Fondo Editorial UCSS
942
_c
LIB
999
_c
18483
_d
18483